000 00707nam a2200229Ia 4500
003 OSt
005 20220923212210.0
006 a|||||r|||| 00| 0
007 ta
008 220922b |||||||| |||| 00| 0 hin d
024 _a151,601
037 _cTextual
040 _aARTS
_cARTS
_bhin
041 _2hin
_ahin
082 _a/\2xM72x, 152H6
100 _aअरविन्द
_9156280
245 0 _aइस जगत की पहेली, मदन गोपाल गाडोदिया अनु
246 _aIs jagat kī pahelī, madan gopāl gāḍodiyā anu0
260 _c1946
942 _h/\2xM72x, 152H6
_cTEXL
_2CC
999 _c307274
_d307274